| 000 | 00810nam a22001935i 4500 | ||
|---|---|---|---|
| 001 | 152086 | ||
| 003 | ES-MaACL | ||
| 005 | 20250819002058.0 | ||
| 008 | 010208s1877 sp |||| | spa d | ||
| 130 | 0 |
_aBiblia. _lEspañol _9119282 |
|
| 245 | 1 | 3 |
_aLa Santa Biblia que contiene los sagrados libros del Antiguo y Nuevo Testamento / _cantigua versión de Cipriano de Valera ; cotejada con diversas traducciones y revisada con arreglo a los originales hebreo y griego. |
| 260 |
_aMadrid : _bSe hallará en el Depósito Central de la Sociedad Bíblica, B. y E., _c1877 ( _fImp. de J. Cruzado) |
||
| 300 |
_a1582 p. ; _c29 cm. |
||
| 597 | _aTexto a dos col. | ||
| 597 | _aTexto enmarcado. | ||
| 700 | 1 |
_aValera, Cipriano de. _9112636 |
|
| 852 |
_aES-MaACL _jG-12251 _z- Enc. piel |
||
| 999 |
_c152086 _d152086 |
||